| 000 | 00705nam a2200217Ii 4500 | ||
|---|---|---|---|
| 003 | JO-AjNU | ||
| 008 | 230605s9999||||xx |||||||||||||| ||und|| | ||
| 017 | _a1977/2106 | ||
| 020 | _a977-286-155 | ||
| 040 |
_aJO-AjNU _bara _erda _cJO-AjNU |
||
| 041 | _aara | ||
| 050 | 1 | 4 | _aGB54.5.A57 1977 |
| 100 | 3 |
_aالأنصاري، يوسف, _eauthor _940201 |
|
| 245 | 0 | 0 | _aجغرافية البيئات الطبيعية |
| 264 | 3 | 1 | _aالقاهرة: دار نهضة مصر، 1977 |
| 300 |
_a182ص _bخرائط وصور توضيحية |
||
| 336 |
_atext _btxt _2rdacontent |
||
| 337 |
_aunmediated _bn _2rdamedia |
||
| 338 |
_avolume _bnc _2rdacarrier |
||
| 650 | 4 |
_aالجغرافية الطبيعية _940202 |
|
| 999 |
_aA17040 _c20608 _d20608 |
||